000
00320nam a2200133Ia 4500
008
220204s9999 xx 000 0 und d
082
_a
374
_b
ADI
100
_a
Adivi Reddy, A
245
0
_a
Extension education
250
_a
Ed.5
260
_a
Bapatla
_b
Sree Lakshmi Press
_c
1993
650
_a
Panchayat Raj
942
_c
BK
999
_c
40741
_d
40741